000 00615nam a2200229Ia 4500
003 OSt
005 20220925185508.0
006 a|||||r|||| 00| 0
007 ta
008 220923b |||||||| |||| 00| 0 eng d
037 _cGeneral Book
040 _aRTL
_cRTL
_beng
041 _2eng
_aeng
082 _aXv, M9
100 _aNegishi Takashi
245 0 _aHistory of economic theory
260 _aAmsterdam
_bNorth-Holland
_c1989
300 _axii;397p
_ccm.
490 _aAdvanced Textbooks in Economics,26
942 _hXv, M9
_cGB
_2CC
999 _c511094
_d511094